Algebra 2 (Record no. 27089)

MARC details
000 -LEADER
fixed length control field 00357nam a2200157Ia 4500
020 ## - INTERNATIONAL STANDARD BOOK NUMBER
ISBN 0- 03- 041664- 7
050 ## - CALL MARK
Classification number QA 159.2 .A44/
245 #0 - TITLE STATEMENT
Title Algebra 2
260 ## - PUBLICATION, DISTRIBUTION, ETC. (IMPRINT)
Place of publication Orlando
260 ## - PUBLICATION, DISTRIBUTION, ETC. (IMPRINT)
Name of publisher Holt, Rinehart and Winston
260 ## - PUBLICATION, DISTRIBUTION, ETC. (IMPRINT)
Year of publication 2007
300 ## - PHYSICAL DESCRIPTION
Number of Pages 1047 p
942 ## - ADDED ENTRY ELEMENTS (KOHA)
Koha item type Books
Holdings
Withdrawn status Lost status Source of classification or shelving scheme Damaged status Not for loan Permanent Location Current Location Date acquired Full call number Accession Number Price effective from Koha item type
    Library of Congress Classification     NILE UNIVERSITY OF NIGERIA - MAIN LIBRARY NILE UNIVERSITY OF NIGERIA - MAIN LIBRARY 04/23/2025 QA 159.2 .A44 0007484 04/23/2025 Books